| 000 | 00416nam a2200109Ia 4500 | ||
|---|---|---|---|
| 008 | 171212s9999 xx 000 0 und d | ||
| 100 | _aHealth, RAND | ||
| 245 |
_cHealth, RAND _aResources and Capabilities of the Department of Veterans Affairs to Provide Timely and Accessible Care to Veterans |
||
| 260 |
_bRAND Corporation _c2015 |
||
| 650 | _aHealth Sciences | ||
| 856 | _uhttp://jstor.org/stable/10.7249/j.ctt19w7322 | ||
| 999 |
_c352498 _d352498 |
||